Water, Inc

Sábháilte in:
Sonraí bibleagrafaíochta
Formáid: Téacs
Ábhair:
Clibeanna: Cuir clib leis
Níl clibeanna ann, Bí ar an gcéad duine le clib a chur leis an taifead seo!

MARC

LEADER 00000 a a2200000 04500
001 10023
003
040
245 |a Water, Inc  
650 |a AGUA  
650 |a ABASTECIMIENTO DE AGUA  
650 |a ADMINISTRACION DE RECURSOS  
650 |a ESCACEZ DE AGUA  
650 |a PROPIEDAD PUBLICA  
650 |a AMERICA LATINA  
773 |g volumen 38, número 1; páginas 14  
999 |c 25458  |d 25458